000 01349nam a2200349 i 4500
001 193590
003 ES-MaACL
005 20250825062649.0
007 ta
008 240117b2008 sp ||||| |||| 00| 0 spa d
017 _aCA 236-2008
_bOficina Depósito Legal Cádiz
020 _a9788469126226
040 _bspa
_cES-MaACL
080 _a74/76 González-Glez., Luis Gonzalo
100 1 _9234870
_aGonzález-Glez., Luis Gonzalo,
_d1947-2022
_eaut
245 1 0 _aArquitectura entre muros y papel /
_cLuis Gonzalo González Glez.
260 _a[Cádiz] :
_bLuis Gonzalo González Glez.,
_c[2008]
300 _a204 páginas :
_bprincipalmente ilustraciones (color)
_c21 x 21 cm
336 _2rdacontent
_aTexto
337 _2rdamedia
_asin mediación
338 _2rdacarrier
_avolumen
500 _aÍndice
504 _aBibliografía: páginas 89-103
600 1 0 _9234870
_aGonzález-Glez., Luis Gonzalo,
_d1947-2022
655 7 _aLibros ilustrados
_2tgfbne
_9193653
852 _aES-MaACL
_bR. 154936
_cDEPOJ
_jN-9596
_hDonación: Editorial
_9201052
_xEncuadernación rústica con solapas
942 _n0
_cMONOGRAFIA
999 _c193590
_d193590